000 00895naa a22002537a 4500
001 BR8905199
003 BR-BrBNA
005 20240918180539.0
007 ta
008 230509b bl.||||| |||| 00| 0 por d
040 _aBR-BrBNA
_bpor
_cBiblioteca Nacional de Agricultura
041 _a(Pt)
072 _aF61
_b3750
090 _aF61 BR8905199
100 1 _aRaij, B. van
245 1 _aGeoquimica de micronutrientes
260 3 _aJaboticabal, SP (Brasil):
_c1988.
500 _aSimposio sobre Micronutrientes na Agricultura. Vol. 1. Versao preliminar Jaboticabal, SP (Brasil): 1988. p. 169-184 (BR8905199-AM)F61
650 _aMICROELEMENTO
650 _aNUTRICAO VEGETAL
773 0 _tSimposio sobre Micronutrientes na Agricultura. Vol. 1. Versao preliminar
_wF61 BR8905199
_gJaboticabal, SP (Brasil), 1988. p. 169-184
909 _a202404
_bLucia
_c55
_dLucia Elande
942 _cAM
_2AGRIS
999 _c320978
_d320978